000 00287nam a22001337a 4500
008 170614b xxu||||| |||| 00| 0 eng d
020 _a9780130208729
041 _aeng
080 _a32
100 _a19
101 _ashp
245 _aPOLITICAL SCIENCE
_cROSKIN, M.G
942 _2udc
_cBK
999 _c17339
_d17339